000 00565nam a22001575i 4500
001 162526
003 ES-MaACL
005 20230906212539.0
008 991213s1820 fr |||| | fre d
040 _aCAM
_bspa
_cCAM
100 1 _aPradt, Dominique Dufour
_cBaron de (
_d1759-1837)
_9131340
245 1 0 _aSuite des quatre concordats /
_cpar De Pradt.
260 _aParis :
_bBéchet ainé libraire-éditeur ;
_aRouen :
_bBéchet fils libraire,
_c1820 (
_fImprimerie de Ve Courcier)
300 _a162, 71 p. ;
_c19 cm.
852 _aES-MaACL
_jG-10259
_z-- Enc. hol.
999 _c162526
_d162526